00836nam a22001697a 450000500170000000800410001702000180005805000170007624500790009326000550017230000290022749000690025650000520032550502520037770000190062970000180064820220812132808.0220404b ||||| |||| 00| 0 eng d a9781843762799 aHD9000.6W765 aThe WTO and agriculture (vol 2) /cedited by Kym Anderson and Tim Josling. aCheltenham :bEdward elgar publishing Inc.,c2005. ax, 597p. :bill. ;c24cm 3Critical perspectives on the global trading system and the WTO.  aIncludes bibliographical references and index.  aContents: The Growth of agricultural protectionism -- Domestic policies and international trade distortions -- Quantifying the effects of trade-distorting policies pre-uruguay round -- Gatt negotiations and agricultural policies pre-uruguay round. aAnderson, Kym. aJosling, Tim.